| 000 | 00543cam a2200181Ia 4500 | ||
|---|---|---|---|
| 020 | _a0804819629 : | ||
| 040 | _cPLF | ||
| 082 | _a499 TUT 1994 A024 Or. | ||
| 100 | 1 | _aPanganiban, Jos©♭ Villa | |
| 245 | 1 | 0 | _aConcise English-Tagalog dictionary / |
| 250 | _aFirst Tuttle pbk. ed | ||
| 260 |
_aRutland : _bTuttle, _c1994, c1969 |
||
| 300 |
_axxvi, 170 p. ; _c19 cm |
||
| 500 | _aFirst published in 1946 under title: English-Tagalog vocabulary | ||
| 500 | _a"Tuttle language library."--Cover | ||
| 650 | 0 | _aEnglish language | |
| 942 | _cEK | ||
| 999 |
_c14491 _d14491 |
||